000 00352nam a2200145Ia 4500
008 241014s9999||||xx |||||||||||||| ||und||
020 _a0-443-02672-6
060 _aQS 4 R 1992
100 _aA.W. Rogers, S. Jacob
245 0 _aTextbook of Anatomy.
260 _bChurchill Livingstone
_c1992
300 _a779
650 _aAnatomy
942 _bDIMC
_cBK
999 _c9986
_d9986